Normal view
MARC view
Entry Personal Name
001 - CONTROL NUMBER
- control field: 238119
003 - CONTROL NUMBER IDENTIFIER
- control field: OSt
005 - DATE AND TIME OF LATEST TRANSACTION
- control field: 20250901151309.0
008 - FIXED-LENGTH DATA ELEMENTS
- fixed length control field: 250901|| aca||aabn | a|a d
040 ## - CATALOGING SOURCE
- Original cataloging agency: OSt
- Transcribing agency: OSt
100 ## - HEADING--PERSONAL NAME
- Personal name: AHMAD ANVAR
- Dates associated with a name: ಅಹ್ಮದ್ ಅನ್ವರ್
670 ## - SOURCE DATA FOUND
- Source citation: Work cat.: (OSt)215218: AHMAD ANVAR ಅಹ್ಮದ್ ಅನ್ವರ್ , Nanna kanasina bharata: lekhana sankalana, 2003